MARC

LEADER 00000nam0a2200000 4500
001 105791
005 20240209105916.0
035 |a (RuTPU)RU\TPU\book\114152 
090 |a 105791 
100 |a 20061121d2006 m y0rusy50 ca 
101 0 |a rus 
102 |a RU 
105 |a a j 001zy 
200 1 |a Излучение электронов в периодических структурах  |e учебное пособие  |f А. П. Потылицын  |g Томский политехнический университет, Институт международного образования 
210 |a Томск  |c Изд-во ТПУ  |d 2006 
215 |a 123 с.  |c ил. 
225 1 |a Учебники Томского политехнического университета 
320 |a Библиогр.: с. 121-122. 
451 1 |0 (RuTPU)RU\TPU\book\182689  |y 978-5-89503-414-9  |t Излучение электронов в периодических структурах  |f А. П. Потылицын  |g Томский политехнический университет (ТПУ)  |c Томск  |n Изд-во НТЛ  |d 2009  |p 280 с.  |a Потылицын, Александр Петрович 
610 1 |a физика 
610 1 |a резонансное переходное излучение 
610 1 |a излучение Смита-Парселла 
610 1 |a электроны 
610 1 |a излучение 
610 1 |a поле интенсивной волны 
610 1 |a томсоновское рассеяние 
610 1 |a комптоновское рассеяние 
610 1 |a лазерная вспышка 
610 1 |a взаимодействие 
610 1 |a учебные пособия 
610 1 |a труды учёных ТПУ 
675 |a 537.531(075.8)  |v 3 
700 1 |a Потылицын  |b А. П.  |c российский физик  |c профессор Томского политехнического университета  |f 1945-  |g Александр Петрович  |3 (RuTPU)RU\TPU\pers\15853  |4 070  |9 5531 
712 0 2 |a Томский политехнический университет (ТПУ)  |b Институт международного образования (ИМО)  |3 (RuTPU)RU\TPU\col\6284 
801 1 |a RU  |b 63413507  |c 20061121  |g PSBO 
801 2 |a RU  |b 63413507  |c 20210622  |g PSBO 
942 |c BK